000 00792nam a2200253Ia 4500
003 OSt
005 20220928131413.0
006 a|||||r|||| 00| 0
007 ta
008 220927b |||||||| |||| 00| 0 eng d
020 _c6317.4719999999998
024 _a113197
037 _b145, 02/11/2011, Pioneer Book Distributors
_cTextual
040 _aSDCL
_cSDCL
_beng
041 _2eng
_aeng
082 _aX:8:(B), Q1
100 _aBrandimarte Paolo
_9429848
245 0 _aQuantitative methods
_b An introduction for business management.
260 _aHoboken
_bJohn Wiley
_c2011
300 _axxiv,886p
_ccm.
650 _aFinancial Studies
942 _hX:8:(B), Q1
_cTEXL
_2CC
999 _c790457
_d790457